Παραμύθια με πριγκίπισσες
Αποθηκεύτηκε σε:
| Άλλοι συγγραφείς: | |
|---|---|
| Μορφή: | Βιβλίο |
| Γλώσσα: | Greek English |
| Δημοσίευση: |
Αθήνα :
Παπαδόπουλος /
c2006.
|
| Θέματα: | |
| Ετικέτες: |
Προσθήκη ετικέτας
Δεν υπάρχουν, Καταχωρήστε ετικέτα πρώτοι!
|
MARC
| LEADER | 00000nam a2200000 a 4500 | ||
|---|---|---|---|
| 001 | 1/127401 | ||
| 008 | 231004t2006####gr | ||| |||| ||gre|| | ||
| 020 | |a 9604125230 | ||
| 040 | |a GR-MyUa |b gre |c GR-MyUa |e AACR2 | ||
| 041 | 1 | |a gre |h eng | |
| 082 | 7 | |a 808.0683 |2 (23) | |
| 245 | 1 | 0 | |a Παραμύθια με πριγκίπισσες / |c Εικονογράφηση Peter Malone ; μετάφραση Αργυρώ Πιπίνη. |
| 260 | |a Αθήνα : |b Παπαδόπουλος / |c c2006. | ||
| 300 | |a 58, [4] σ. : |b έγχρ εικ. ; |c 34 εκ. |e | ||
| 500 | |a Τίτλος πρωτοτύπου: Princess fairy tales. | ||
| 650 | 0 | |a Young adult fiction. | |
| 650 | 0 | |a Children's literature. | |
| 650 | 0 | |a Fairy tales. | |
| 700 | 1 | |a Πιπίνη, Αργυρώ, |e trlf | |
| 852 | |a INST |b SAMOS |e 20231003 |h 808.0683 ΠΑΡ |p 005300047732 |q 005300047732 |t BK |y 0 | ||
| 970 | |a Φιλιππή |b Φάλη |z 4-10-2023 | ||